Statistics for Provinces of Sudan

Click here to take the quiz!

General Stats

  • This quiz has been taken 811 times
  • The average score is 9 of 18

Answers on the Map

Answers color-coded by a green-red scale on the quiz's map according to % correct below.
 

Answer Stats

Subdivision% Correct
Khartoum
86%
Northern
84%
Red Sea
68%
North Darfur
67%
South Darfur
67%
Blue Nile
66%
West Darfur
66%
East Darfur
62%
White Nile
62%
Central Darfur
58%
River Nile
35%
Kassala
34%
Sennar
25%
Al Jazirah
19%
Al Qadarif
19%
North Kurdafan
11%
South Kurdafan
11%
West Kurdufan
9%

Score Distribution

Percentile by Number Answered

Percent of People with Each Score

Your Score History

You have not taken this quiz